Word Ladder: Country Music Hall of Fame Quiz Stats

 Plays Quiz Updated Jul 29, 2017

Support Sporcle.
Go Orange.
Score 0/92 Timer 10:00
0 Plays Today
Hint 4-Letter Word % Correct
Went on a planeFLEW
91%
♫ ___ Campbell, 2005 ♫ ★GLEN ★
90.4%
Run away!FLEE
89.3%
Plant starterSEED
89%
Buck, doe, or fawn, e.g.DEER
88.7%
Killed, as a dragonSLEW
88.4%
Wintry hill vehicleSLED
88.3%
Musical TV show set at McKinley HSGLEE
88.2%
A borrowed sumLOAN
88%
Rivers, Jett, or Collins, e.g.JOAN
87.9%
Musical pulseBEAT
87.8%
Give a package to FedExSEND
87.4%
CrookedBENT
85.7%
Fat-freeLEAN
85.5%
♫ Jimmy ___, 2010 ♫ ★DEAN ★
85.3%
Celebrity chef PaulaDEEN
85%
Donkey ___ video gamesKONG
84.7%
Financial institutionBANK
84.4%
Standard chili ingredientBEAN
84.3%
Basin in the bathroomSINK
84.2%
Breathing organLUNG
84.2%
Dignified manGENT
83.7%
♫ ___ Autry, 1969 ♫ ★GENE ★
83.3%
'The ___ of the Irish'LUCK
82.6%
♫ Johnny ___, 1980 ♫ ★CASH ★
82%
Tree coveringBARK
81.4%
Went down, like a shipSANK
81%
♫ ___ Shepard, 2011 ♫ ★JEAN ★
80.9%
Round, metal currencyCOIN
80.9%
Initiate phone conversationCALL
80.8%
Nasal dischargeSNOT
80.6%
Hint 4-Letter Word % Correct
Chimney residueSOOT
80.5%
Security mechanismLOCK
80.4%
Prod with fingerPOKE
80.4%
VomitPUKE
80.3%
Tiered bedBUNK
80.2%
♫ ___ Owens, 1996 ♫ ★BUCK ★
80.1%
Sporting orbBALL
80.1%
Skeletal unitBONE
80%
♫ ___ Thompson, 1989 ♫
♫ ___ Williams, 1961 ♫
★HANK ★
79.8%
Place files in orderSORT
79.2%
Worth, Wayne, or Lauderdale, e.g.FORT
79.2%
Goatee homeCHIN
78.9%
A twist or bend in a rope or cordKINK
78.8%
SolitaryLONE
78.7%
Be defeatedLOSE
77.5%
♫ Pee Wee ___, 1974 ♫ ★KING ★
76.7%
Canadian bird or crazy personLOON
76.5%
Blow-out partyBASH
76.5%
♫ Hubert ___, 1979 ♫ ★LONG ★
76.3%
GnawCHEW
76%
Sand hillDUNE
75.9%
AthleteJOCK
75.9%
Cask stopperBUNG
75.5%
ExhibitionSHOW
75.2%
Unleavened cornbreadPONE
75%
Part of body between hipsLOIN
74.8%
♫ Loretta ___, 1988 ♫ ★LYNN ★
74.6%
Lawyer's argumentCASE
74.4%
Bottom of a triangleBASE
74.4%
♫ Tom T. ___, 2008 ♫ ★HALL ★
73.3%
Monetary unit of SamoaSENE
73.3%
Hint 4-Letter Word % Correct
♫ Hank ___, 1979 ♫ ★SNOW ★
73.1%
♫ The ___ of Paducah, 1986 ♫ ★DUKE ★
72.2%
♫ Cowboy ___ Clement, 2013 ♫
♫ ___ Stapp, 1989 ♫
★JACK ★
71.5%
Chop with heavy blowsHACK
71.1%
♫ Bobby ___, 2013 ♫ ★BARE ★
70.8%
♫ ___ Atkins, 1973 ♫ ★CHET ★
70.7%
♫ ___ Carlisle, 2002 ♫
♫ ___ Anderson, 2001 ♫
♫ ___ Monroe, 1970 ♫
★BILL ★
70.5%
3rd largest French cityLYON
70.1%
♫ Vince ___, 2007 ♫ ★GILL ★
69.8%
Move goods across a distanceHAUL
69.8%
Without, in FrenchSANS
69.6%
Songshi Quan ('puffy-lion dog')CHOW
69.6%
♫ Tennessee Ernie ___, 1990 ♫ ★FORD ★
69.2%
Funeral clothPALL
69.1%
Concern or interestCARE
68.5%
♫ ___ Cohen, 1976 ♫ ★PAUL ★
66.9%
Written voucher for a debtCHIT
66.3%
♫ ___ Smith, 2003 ♫ ★CARL ★
66.1%
Actress AmandaPEET
62%
AffectionateFOND
61.6%
♫ Johnny ___, 1999 ♫ ★BOND ★
60.1%
♫ Ralph S. ___, 1984 ♫ ★PEER ★
59.8%
Skin stripped of hair for tanningPELT
57.4%
♫ ___ of the Pioneers, 1980 ♫ ★SONS ★
56.1%
Germanic word for moneyGELT
55.8%
Gold leaf or paintGILT
55.1%
Ancient Germanic letterRUNE
54.2%
Deceptive trickRUSE
53.9%
♫ Fred ___, 1961 ♫ ★ROSE ★
52.8%
Unit of loudness equal to 40 phonsSONE
52.1%

Today's Daily Dose

You're not logged in!

Compare scores with friends on all Sporcle quizzes.
OR
Log In
Forgot?

From the Vault

Animal Connections

by Flick

A few of these would make some really strange pairs.
Remove Ads.
Support Sporcle.
Get the best of Sporcle when you Go Orange. This ad-free experience offers more features, more stats, and more fun while also helping to support Sporcle. Thank you for becoming a member.

Show Comments

Extras

Top Quizzes Today


Score Distribution

Your Account Isn't Verified!

In order to create a playlist on Sporcle, you need to verify the email address you used during registration. Go to your Sporcle Settings to finish the process.

Report this User

Report this user for behavior that violates our Community Guidelines.

Details: